| 000 | 00587nam a2200205 a 4500 | ||
|---|---|---|---|
| 005 | 20240911063910.0 | ||
| 008 | 020121s1998 r 000 0 eng d | ||
| 020 | _a8427712480 | ||
| 035 | _aUPN01000114823 | ||
| 049 | _aCG | ||
| 050 | 4 |
_aZ675 S3 _bR8.4 |
|
| 100 | 1 | _aRueda, Rafael | |
| 245 | 1 | 0 |
_aBibliotecas escolares : _bguía para el profesorado de educación primaria / _cRafael Rueda. |
| 260 |
_aMadrid : _bNarcea, _c1998. |
||
| 300 | _a197 p. | ||
| 440 | 0 | _aEducación hoy | |
| 650 | 2 |
_aBibliotecas escolares _92963 |
|
| 650 | 4 |
_aBIBLIOTECAS Y ESCUELAS _93073 |
|
| 905 | _aLibro | ||
| 999 |
_c88606 _d88606 |
||